| 000 | 00664nam a22002297b 4500 | ||
|---|---|---|---|
| 001 | Mimo0002196935 | ||
| 003 | CO-ViMGA | ||
| 005 | 20230915224038.0 | ||
| 008 | 070622s2007 sp | ||| ||spa | ||
| 020 | _a9788423684014 | ||
| 040 |
_aCO-ViMGA _bspa _cCO-ViMGA |
||
| 082 |
_aI 863 _bH641e |
||
| 100 | 1 |
_aHilb, Nora _99020 |
|
| 245 | 1 | 3 |
_aEl cerdito azul / _h[Texto impreso] _ctexto e ilustraciones, Nora Hilb |
| 250 | _a1® ed. | ||
| 260 |
_aBarcelona _bEdeb _c2007. |
||
| 300 |
_a[32] p. _bil. col. _c22 cm. |
||
| 490 | 0 | _aTren azul. Mis cuentos favoritos | |
| 650 | 1 | 4 |
_aComics _9284 |
| 650 | 1 | 4 |
_aTiras comicas, historietas, etc. _92479 |
| 942 |
_2ddc _cBK |
||
| 999 |
_c11132 _d11132 |
||